| 000 | 02440nam a22003257a 4500 | ||
|---|---|---|---|
| 003 | OSt | ||
| 005 | 20251118142928.0 | ||
| 008 | 251110b ||||d||| |||| 00| 0 eng d | ||
| 020 | _a9789585796379 | ||
| 037 | _bDonación | ||
| 040 |
_aCO-JMCR _bspa _cCO-JMCR _dCO-JMCR _erda |
||
| 041 | _aSpa | ||
| 082 | 0 | 4 |
_a370.986 _bG21p _221 |
| 100 | 1 |
_aGarcía Jaramillo, Sandra, _eautor _944416 |
|
| 245 | 1 | 0 |
_aPropuestas para el mejoramiento de la calidad de la educación preescolar, básica y media en Colombia / _cSandra García Jaramillo, Darío Maldonado Carrizosa y Catherine Rodríguez Orgales. |
| 264 |
_a[Bogotá] : _bFedesarrollo, _c2014 |
||
| 300 |
_a85 páginas : _bgráficos ; _c23cm. |
||
| 490 | 1 |
_aCuadernos de fedesarrollo ; _v49 |
|
| 501 | _aCon : Introducción | ||
| 504 | _aBibliografía : páginas 67 - 72 | ||
| 505 | 0 | _aDiagnóstico de la situación actual de la edución en Colombia -- Propuestas de politica para mejorar la cobertura y calidad en el sector educativo colombiano -- Conclusiones | |
| 520 | 3 | _aEste documento presenta las políticas educativas que tras una implementación conjunta permitirían aumentar los años promedio de escolaridad y, sobre todo, mejorar y homogenizar la calidad de educación que reciben los estudiantes en el país. La propuesta presentada está compuesta por los siguientes componentes: i) mejorar el manejo del recurso docente de forma tal que el país atraiga y retenga a los mejores profesionales a la carrera; ii) ampliar la jornada diaria de estudios; iii) generar las condiciones para asegurar una infraestructura adecuada; iv) establecer un esquema de educación adaptado a las necesidades del sector rural; v) incorporar de manera adecuada las TIC al sistema educativo; vi) fortalecer la gestión escolar; vii) fortalecer el esquema de control y vigilancia del sector educativo; viii) fortalecer el programa Más Familias en Acción; e, ix) incorporar el conocimiento generado por experiencias exitosas en el sector privado para contribuir a implementar algunos de los componentes propuestos. | |
| 650 | 7 |
_aEducación _2JMCR _99941 _zColombia |
|
| 650 | 7 |
_aCalidad de la educación _2JMCR _944417 _zColombia |
|
| 650 | 7 |
_aPlanificación educativa _2JMCR _99604 _zColombia |
|
| 650 | 7 |
_aEvaluación educativa _2JMCR _944418 _zColombia |
|
| 700 | 1 |
_aMaldonado Carrizosa, Darío, _944419 |
|
| 700 | 1 |
_aRodríguez Orgales, Catherine, _944421 |
|
| 942 |
_2ddc _cBK |
||
| 999 |
_c31108 _d17492 |
||